<?xml version="1.0" encoding="UTF-8"?><?xml-stylesheet type="text/xsl" href="static/style.xsl"?><OAI-PMH xmlns="http://www.openarchives.org/OAI/2.0/" xmlns:xsi="http://www.w3.org/2001/XMLSchema-instance" xsi:schemaLocation="http://www.openarchives.org/OAI/2.0/ http://www.openarchives.org/OAI/2.0/OAI-PMH.xsd"><responseDate>2026-04-17T11:43:31Z</responseDate><request verb="GetRecord" identifier="oai:www.recercat.cat:10256/27144" metadataPrefix="marc">https://recercat.cat/oai/request</request><GetRecord><record><header><identifier>oai:recercat.cat:10256/27144</identifier><datestamp>2025-07-31T03:32:07Z</datestamp><setSpec>com_2072_452955</setSpec><setSpec>com_2072_2054</setSpec><setSpec>col_2072_452961</setSpec></header><metadata><record xmlns="http://www.loc.gov/MARC21/slim" xmlns:dcterms="http://purl.org/dc/terms/" xmlns:xsi="http://www.w3.org/2001/XMLSchema-instance" xmlns:doc="http://www.lyncode.com/xoai" xsi:schemaLocation="http://www.loc.gov/MARC21/slim http://www.loc.gov/standards/marcxml/schema/MARC21slim.xsd">
   <leader>00925njm 22002777a 4500</leader>
   <datafield ind2=" " ind1=" " tag="042">
      <subfield code="a">dc</subfield>
   </datafield>
   <datafield ind2=" " ind1=" " tag="720">
      <subfield code="a">Pincheira Hauck, Nataly</subfield>
      <subfield code="e">author</subfield>
   </datafield>
   <datafield ind2=" " ind1=" " tag="720">
      <subfield code="a">López Serentill, Paula</subfield>
      <subfield code="e">author</subfield>
   </datafield>
   <datafield ind2=" " ind1=" " tag="720">
      <subfield code="a">Alsina, Àngel</subfield>
      <subfield code="e">author</subfield>
   </datafield>
   <datafield ind2=" " ind1=" " tag="260">
      <subfield code="c">2025-07-05</subfield>
   </datafield>
   <datafield ind2=" " ind1=" " tag="520">
      <subfield code="a">The aim of this article is to identify the most representative key terms of mathematical competences and, once identified, to design and validate an orientation guide with descriptors for primary education. Based on a qualitative methodology with an instrumental research design, five phases are conducted: 1) review of the literature on mathematical competences and the practice of defining in mathematics education; 2) identifica-tion of syntactic units through a set of key terms for each competence; 3) expert validation; 4) final selection of the key terms and; 5) final construction of the guide. As a result, an orientation guide has been obtained that includes six dimensions: a) problem solving; b) reasoning and testing; c) computational thinking; d) connec-tions; e) communication and representation; and f) socio-affective skills. Each dimension includes the most representative key terms and their descriptor. It is concluded that the guide is a useful tool both for the rese-arch agenda on the construction of mathematical knowledge and processes and for mathematical practice in primary education</subfield>
   </datafield>
   <datafield ind2=" " ind1=" " tag="520">
      <subfield code="a">El objetivo de este artículo es identificar los términos clave más representativos de las competencias matemáticas y, una vez identificadas, diseñar y validar una guía de orientación con descriptores para la educación primaria. A partir de una metodología cualitativa con un diseño de investigación instrumental, se llevan a cabo cinco fases: 1) revisión de la literatura sobre las competencias matemáticas y la práctica de definir en educación matemática; 2) identificación de unidades sintácticas a través de un conjunto de términos clave de cada competencia; 3) validación de expertos; 4) selección final de los términos clave y; 5) construcción definitiva de la guía. Como resultado, se ha obtenido una guía de orientación que incluye seis dimensiones: a) resolución de problemas; b) razonamiento y prueba; c) pensamiento computacional; d) conexiones; e) comunicación y representación; y f) destrezas socioafectivas. Cada dimensión incluye los términos clave más representativos y su descriptor. Se concluye que la guía es una herramienta útil tanto para la agenda de investigación sobre la construcción del conocimiento y procesos matemáticos como para la práctica matemática en educación primaria</subfield>
   </datafield>
   <datafield ind1="8" ind2=" " tag="024">
      <subfield code="a">http://hdl.handle.net/10256/27144</subfield>
   </datafield>
   <datafield tag="653" ind2=" " ind1=" ">
      <subfield code="a">Matemàtica -- Educació primària</subfield>
   </datafield>
   <datafield tag="653" ind2=" " ind1=" ">
      <subfield code="a">Mathematics -- Study and teaching (Primary)</subfield>
   </datafield>
   <datafield ind2="0" ind1="0" tag="245">
      <subfield code="a">Conceptualizando las competencias matemáticas en educación primaria: términos clave e implicaciones para la investigación y la práctica</subfield>
   </datafield>
</record></metadata></record></GetRecord></OAI-PMH>